|
|
|
|
| LEADER |
02949nam a2200673 i 4500 |
| 001 |
nkc20183047127 |
| 003 |
CZ PrNK |
| 005 |
20241120150744.0 |
| 007 |
ta |
| 008 |
181024s2018 xr ab e 000 0 cze |
| 015 |
|
|
|a cnb003047127
|
| 020 |
|
|
|a 978-80-7620-001-2
|q (brožováno) :
|c neprodejné
|
| 035 |
|
|
|a (OCoLC)1085383305
|
| 040 |
|
|
|a ABA001
|b cze
|e rda
|
| 043 |
|
|
|a e------
|
| 072 |
|
7 |
|a 502
|x Životní prostředí a jeho ochrana
|2 Konspekt
|9 2
|
| 080 |
|
|
|a 582-152.42
|2 MRF
|
| 080 |
|
|
|a 592/599-152.3
|2 MRF
|
| 080 |
|
|
|a 582-152
|2 MRF
|
| 080 |
|
|
|a 592/599-152
|2 MRF
|
| 080 |
|
|
|a 581.9
|2 MRF
|
| 080 |
|
|
|a 591.9
|2 MRF
|
| 080 |
|
|
|a 502.172
|2 MRF
|
| 080 |
|
|
|a (4)
|2 MRF
|
| 080 |
|
|
|a (072)
|2 MRF
|
| 100 |
1 |
|
|a Görner, Tomáš
|7 jo20191020828
|4 aut
|
| 245 |
1 |
0 |
|a Invazní nepůvodní druhy s významným dopadem na Evropskou unii :
|b jejich charakteristiky, výskyt a možnosti regulace /
|c Tomáš Görner
|
| 250 |
|
|
|a Vydání: první
|
| 264 |
|
1 |
|a Praha :
|b Agentura ochrany přírody a krajiny České republiky,
|c 2018
|
| 300 |
|
|
|a 213 stran :
|b barevné ilustrace, mapy ;
|c 23 cm
|
| 336 |
|
|
|a text
|b txt
|2 rdacontent
|
| 337 |
|
|
|a bez média
|b n
|2 rdamedia
|
| 338 |
|
|
|a svazek
|b nc
|2 rdacarrier
|
| 490 |
1 |
|
|a Metodika AOPK ČR
|
| 500 |
|
|
|a 300 výtisků
|
| 504 |
|
|
|a Obsahuje bibliografie a bibliografické odkazy
|
| 650 |
0 |
7 |
|a invazivní rostliny
|7 ph976247
|z země Evropské unie
|2 czenas
|
| 650 |
0 |
7 |
|a invazivní živočichové
|7 ph980650
|z země Evropské unie
|2 czenas
|
| 650 |
0 |
7 |
|a nepůvodní druhy rostlin
|7 ph387187
|z země Evropské unie
|2 czenas
|
| 650 |
0 |
7 |
|a nepůvodní druhy živočichů
|7 ph387188
|z země Evropské unie
|2 czenas
|
| 650 |
0 |
7 |
|a flóra
|7 ph114559
|z země Evropské unie
|2 czenas
|
| 650 |
0 |
7 |
|a fauna
|7 ph114529
|z země Evropské unie
|2 czenas
|
| 650 |
0 |
7 |
|a ochrana živé přírody
|7 ph135418
|z země Evropské unie
|2 czenas
|
| 650 |
0 |
9 |
|a invasive plants
|z European Union countries
|2 eczenas
|
| 650 |
0 |
9 |
|a invasive animals
|z European Union countries
|2 eczenas
|
| 650 |
0 |
9 |
|a alien plant species
|z European Union countries
|2 eczenas
|
| 650 |
0 |
9 |
|a alien animal species
|z European Union countries
|2 eczenas
|
| 650 |
0 |
9 |
|a flora
|z European Union countries
|2 eczenas
|
| 650 |
0 |
9 |
|a fauna
|z European Union countries
|2 eczenas
|
| 650 |
0 |
9 |
|a living nature protection
|z European Union countries
|2 eczenas
|
| 655 |
|
7 |
|a metodické příručky
|7 fd132826
|2 czenas
|
| 655 |
|
9 |
|a methodological manuals
|2 eczenas
|
| 810 |
2 |
|
|a Agentura ochrany přírody a krajiny České republiky.
|t Metodika
|0 s
|
| 856 |
4 |
1 |
|u https://www.digitalniknihovna.cz/mzk/uuid/uuid:66928720-3d6a-11ed-b06c-005056827e52
|y Digitalizovaný dokument
|x NDK
|
| 910 |
2 |
|
|a BOA001
|b 2-1424.325
|
| 990 |
|
|
|a BK
|
| 995 |
|
|
|a 01
|
| 996 |
6 |
|
|b 2610773290
|c 2-1424.325
|l MZK
|r Sklad / do 1 hodiny
|n 2
|p p.v.
|w 001710604
|u 000010
|a 1
|e BOA001
|j MZK50
|s P
|
| 996 |
7 |
|
|b 2610778298
|c 2-1424.325
|l MZK
|r Sklad / do 1 hodiny
|n 4
|p dar
|w 001710604
|u 000020
|a 1
|e BOA001
|j MZK50
|s A
|